LEADER 05391oam 22013214 450 001 9910157524803321 005 20250426110542.0 010 $a9781475561739 010 $a1475561733 010 $a9781475561807 010 $a1475561806 035 $a(CKB)3710000001001324 035 $a(MiAaPQ)EBC4774660 035 $a(IMF)1STPEA2016003 035 $a1STPEA2016003 035 $a(EXLCZ)993710000001001324 100 $a20020129d2016 uf 0 101 0 $aeng 135 $aurcnu|||||||| 181 $2rdacontent 182 $2rdamedia 183 $2rdacarrier 200 10$aDemocratic Republic of São Tomé and Príncipe : $eSecond Review under the Extended Credit Facility, and Request for Waivers for Nonobservance of Performance Criterion and Modification of Performance Criteria-Press Release; Staff Report; and Statement by the Executive Director for the Democratic Republic of São Tomé and Príncipe 210 1$aWashington, D.C. :$cInternational Monetary Fund,$d2016. 215 $a1 online resource (75 pages) $cillustrations, tables 225 1 $aIMF Staff Country Reports 311 08$a9781475561722 311 08$a1475561725 330 3 $aThis paper discusses São Tomé and Príncipe?s Second Review Under the Extended Credit Facility (ECF) and Request for Waivers for Nonobservance of Performance Criteria and modification of performance criteria. The economic outlook for 2017 and the medium term is favorable, but not without risks. The main sources of short-term risks to the outlook are ongoing pressure on foreign exchange supply, liquidation of Bank Equador, and continued weakness in the banking sector. In addition, the economy will remain vulnerable to global developments, including weak demand in the key European and emerging markets. The IMF staff recommends completion of the second review and the disbursement of an amount equivalent to SDR 634,285 under the ECF arrangement. 410 0$aIMF Staff Country Reports; Country Report ;$vNo. 2016/385 606 $aEconomic development 606 $aBanks and Banking$2imf 606 $aFinance: General$2imf 606 $aMacroeconomics$2imf 606 $aPublic Finance$2imf 606 $aStatistics$2imf 606 $aBanks$2imf 606 $aDepository Institutions$2imf 606 $aMicro Finance Institutions$2imf 606 $aMortgages$2imf 606 $aMonetary Policy$2imf 606 $aGeneral Aggregative Models: General$2imf 606 $aFinancial Institutions and Services: Government Policy and Regulation$2imf 606 $aNational Government Expenditures and Related Policies: General$2imf 606 $aTaxation, Subsidies, and Revenue: General$2imf 606 $aData Collection and Data Estimation Methodology$2imf 606 $aComputer Programs: Other$2imf 606 $aBanking$2imf 606 $aPublic finance & taxation$2imf 606 $aFinancial services law & regulation$2imf 606 $aLabour$2imf 606 $aincome economics$2imf 606 $aEconometrics & economic statistics$2imf 606 $aBank deposits$2imf 606 $aInternational reserves$2imf 606 $aCommercial banks$2imf 606 $aNational accounts$2imf 606 $aCentral banks$2imf 606 $aFinancial institutions$2imf 606 $aFinancial services$2imf 606 $aRevenue administration$2imf 606 $aBanks and banking$2imf 606 $aForeign exchange reserves$2imf 606 $aNational income$2imf 606 $aState supervision$2imf 606 $aFinance, Public$2imf 606 $aRevenue$2imf 606 $aIncome economics$2imf 607 $aSão Tomé and Príncipe, Democratic Republic of$2imf 615 0$aEconomic development. 615 7$aBanks and Banking 615 7$aFinance: General 615 7$aMacroeconomics 615 7$aPublic Finance 615 7$aStatistics 615 7$aBanks 615 7$aDepository Institutions 615 7$aMicro Finance Institutions 615 7$aMortgages 615 7$aMonetary Policy 615 7$aGeneral Aggregative Models: General 615 7$aFinancial Institutions and Services: Government Policy and Regulation 615 7$aNational Government Expenditures and Related Policies: General 615 7$aTaxation, Subsidies, and Revenue: General 615 7$aData Collection and Data Estimation Methodology 615 7$aComputer Programs: Other 615 7$aBanking 615 7$aPublic finance & taxation 615 7$aFinancial services law & regulation 615 7$aLabour 615 7$aincome economics 615 7$aEconometrics & economic statistics 615 7$aBank deposits 615 7$aInternational reserves 615 7$aCommercial banks 615 7$aNational accounts 615 7$aCentral banks 615 7$aFinancial institutions 615 7$aFinancial services 615 7$aRevenue administration 615 7$aBanks and banking 615 7$aForeign exchange reserves 615 7$aNational income 615 7$aState supervision 615 7$aFinance, Public 615 7$aRevenue 615 7$aIncome economics 676 $a338.9 801 0$bDcWaIMF 906 $aBOOK 912 $a9910157524803321 996 $aDemocratic Republic of Sa?o Tome? and Pri?ncipe$92612343 997 $aUNINA LEADER 03210nam 22006015 450 001 9910151577903321 005 20200704221546.0 010 $a9781484224243 010 $a1484224248 024 7 $a10.1007/978-1-4842-2424-3 035 $a(CKB)3710000000951911 035 $a(DE-He213)978-1-4842-2424-3 035 $a(MiAaPQ)EBC4745444 035 $a(CaSebORM)9781484224243 035 $a(PPN)197142168 035 $a(OCoLC)971255537 035 $a(OCoLC)ocn971255537 035 $a(EXLCZ)993710000000951911 100 $a20161117d2016 u| 0 101 0 $aeng 135 $aurnn|008mamaa 181 $ctxt$2rdacontent 182 $cc$2rdamedia 183 $acr$2rdacarrier 200 10$aApache HBase Primer /$fby Deepak Vohra 205 $a1st ed. 2016. 210 1$aBerkeley, CA :$cApress :$cImprint: Apress,$d2016. 215 $a1 online resource (XVII, 151 p. 53 illus., 10 illus. in color.) 300 $aIncludes index. 311 08$a9781484224236 311 08$a148422423X 327 $a1. Fundamental Characteristics of Apache HBase -- 2. Apache HBase and HDFS -- 3. Application Characteristics for Apache HBase. 4. Physical Storage -- 5. Column Family and a Column Qualifier -- 6. Row Versioning -- 7. Logical Storage -- 8. Components of HBase Cluster -- 9. Regions -- 10. Finding a row in an HBase table -- 11. Compactions -- 12. RegionServer Failover -- 13. RegionServer Splits -- 14. Creating Column Families -- 15. Defining the row keys for optimal read performance and Locality -- 16. The HBaseAdmin Class -- 17. The Get Class -- 18. The HTable Class -- 19. Using the Shell -- 20. Bulk loading data into Apache HBase. 330 $aLearn the fundamental foundations and concepts of the Apache HBase (NoSQL) open source database. It covers the HBase data model, architecture, schema design, API, and administration. Apache HBase is the database for the Apache Hadoop framework. HBase is a column family based NoSQL database that provides a flexible schema model. What You'll Learn Work with the core concepts of HBase Discover the HBase data model, schema design, and architecture Use the HBase API and administration Who This Book Is For Apache HBase (NoSQL) database users, designers, developers, and admins. 606 $aBig data 606 $aData structures (Computer science) 606 $aComputer programming 606 $aBig Data$3https://scigraph.springernature.com/ontologies/product-market-codes/I29120 606 $aData Structures and Information Theory$3https://scigraph.springernature.com/ontologies/product-market-codes/I15009 606 $aProgramming Techniques$3https://scigraph.springernature.com/ontologies/product-market-codes/I14010 615 0$aBig data. 615 0$aData structures (Computer science) 615 0$aComputer programming. 615 14$aBig Data. 615 24$aData Structures and Information Theory. 615 24$aProgramming Techniques. 676 $a004.36 700 $aVohra$b Deepak$4aut$4http://id.loc.gov/vocabulary/relators/aut$0856425 801 0$bUMI 801 1$bUMI 906 $aBOOK 912 $a9910151577903321 996 $aApache HBase Primer$92124664 997 $aUNINA